00656nam a2200181 4500001000700000003000900007005001700016007000300033008004100036080002100077100003200098245010600130260004400236300002100280852003200301999001900333952012200352148273ES-MaACL20230906202528.0t|070214s1972 sp r ||||1| spa d a821.134.2-84"19"1 aSintes Pros, Jorge.910665410aStop b: definiciones, contestaciones, divagaciones y otras cogitaciones / cpor Jordi Sintes i Pros. aBarcelona : bSintes, c[1972] (fAlen) a90 p. ; c18 cm. aES-MaACLjC-52666 bR.83086 c148273d148273 00104070aATENEOMbATENEOMcDEPO2d2008-01-17eSCl0oC-52666p1154735r2023-02-23 00:00:00w2023-02-23yMONOGRAFIA